000 008870000a22002050004500
020 _a84-8276-132-3
041 0 _aSPA
082 0 4 _aG 178 F8197p
100 1 _aFrancisco Serpa, Gloria de
245 1 0 _aLos problemas de la drogadicción a su alcance / Gloria de Francisco Serpa
260 _aBogotá, Colombia : Norma
300 _a64 Pag.
505 0 0 _adefinición de los términos -- clasificación de las drogas -- drogas depresoras del sistema nervioso central -- estimulantes del sistema nervioso central -- alucinógenos -- volátiles inhalables -- causas de la farmacodependencia -- características del farmacodependiente -- tratamiento de la farmacodependencia
650 1 4 _aDROGADICCION \ DROGAS - EFECTOS FISIOLOGICOS
001 1356
942 _cBK
999 _c32679
_d32679
336 _atexto
_btxt
_2rdacontent
337 _2rdamedia
_asin mediación
_bn
338 _2rdacarrier
_avolumen
_bnc